<?xml version="1.0" encoding="UTF-8"?>
<record
    xmlns:xsi="http://www.w3.org/2001/XMLSchema-instance"
    xsi:schemaLocation="http://www.loc.gov/MARC21/slim http://www.loc.gov/standards/marcxml/schema/MARC21slim.xsd"
    xmlns="http://www.loc.gov/MARC21/slim">

  <leader>01017nam a22002537a 4500</leader>
  <controlfield tag="005">20170123164157.0</controlfield>
  <datafield tag="010" ind1=" " ind2=" ">
    <subfield code="a">B-028556</subfield>
  </datafield>
  <datafield tag="020" ind1=" " ind2=" ">
    <subfield code="c">100.00</subfield>
  </datafield>
  <datafield tag="035" ind1=" " ind2=" ">
    <subfield code="a">B-028556</subfield>
  </datafield>
  <datafield tag="037" ind1=" " ind2=" ">
    <subfield code="b">Cen Lib/Ret</subfield>
  </datafield>
  <datafield tag="040" ind1=" " ind2=" ">
    <subfield code="a">DPL</subfield>
    <subfield code="b">PN</subfield>
  </datafield>
  <datafield tag="082" ind1=" " ind2=" ">
    <subfield code="a">910 .4</subfield>
    <subfield code="b">&#xA2A;&#xA30;&#xA2E;</subfield>
  </datafield>
  <datafield tag="100" ind1=" " ind2=" ">
    <subfield code="a">&#xA2A;&#xA30;&#xA2E;&#xA1C;&#xA40;&#xA24; &#xA15;&#xA4C;&#xA30;</subfield>
    <subfield code="9">131544</subfield>
  </datafield>
  <datafield tag="245" ind1=" " ind2=" ">
    <subfield code="a">&#xA2C;&#xA32;&#xA30;&#xA3E;&#xA1C; &#xA38;&#xA3E;&#xA39;&#xA28;&#xA40; &#xA26;&#xA47; &#xA38;&#xA2B;&#xA3C;&#xA30;&#xA28;&#xA3E;&#xA2E;&#xA47; /</subfield>
    <subfield code="c">&#xA2A;&#xA30;&#xA2E;&#xA1C;&#xA40;&#xA24; &#xA15;&#xA4C;&#xA30;</subfield>
  </datafield>
  <datafield tag="246" ind1=" " ind2=" ">
    <subfield code="a">Balraj Sahni de safarname /</subfield>
    <subfield code="b">by Parmjit Kaur</subfield>
  </datafield>
  <datafield tag="260" ind1=" " ind2=" ">
    <subfield code="a">&#xA05;&#xA70;&#xA2E;&#xA4D;&#xA30;&#xA3F;&#xA24;&#xA38;&#xA30;</subfield>
    <subfield code="b">&#xA28;&#xA3E;&#xA28;&#xA15; &#xA38;&#xA3F;&#xA70;&#xA18; &#xA2A;&#xA41;&#xA38;&#xA24;&#xA15;&#xA2E;&#xA3E;&#xA32;&#xA3E; </subfield>
    <subfield code="c">2000</subfield>
  </datafield>
  <datafield tag="270" ind1=" " ind2=" ">
    <subfield code="a">5-&#xA38;&#xA3F;&#xA1F;&#xA40; &#xA38;&#xA48;&#xA02;&#xA1F;&#xA30;, &#xA28;&#xA1C;&#xA26;&#xA40;&#xA15; &#xA17;&#xA41;&#xA30;&#xA42; &#xA28;&#xA3E;&#xA28;&#xA15; &#xA2D;&#xA35;&#xA28;</subfield>
    <subfield code="b">&#xA05;&#xA70;&#xA2E;&#xA4D;&#xA30;&#xA3F;&#xA24;&#xA38;&#xA30;</subfield>
  </datafield>
  <datafield tag="300" ind1=" " ind2=" ">
    <subfield code="a">98p ; </subfield>
    <subfield code="c">20cm</subfield>
  </datafield>
  <datafield tag="650" ind1=" " ind2=" ">
    <subfield code="a"> &#xA2D;&#xA3E;&#xA30;&#xA24; &#xA28;&#xA42;&#xA70; -- &#xA35;&#xA47;&#xA30;&#xA35;&#xA3E; &#xA05;&#xA24;&#xA47; &#xA2F;&#xA3E;&#xA24;&#xA30;&#xA3E;</subfield>
    <subfield code="9">131545</subfield>
  </datafield>
  <datafield tag="650" ind1=" " ind2=" ">
    <subfield code="a">&#xA2F;&#xA3E;&#xA24;&#xA30;&#xA3E;</subfield>
    <subfield code="9">131546</subfield>
  </datafield>
  <datafield tag="650" ind1=" " ind2=" ">
    <subfield code="a">India -- Description and travel</subfield>
    <subfield code="9">26587</subfield>
  </datafield>
  <datafield tag="650" ind1=" " ind2=" ">
    <subfield code="a"> travel</subfield>
    <subfield code="9">25007</subfield>
  </datafield>
  <datafield tag="942" ind1=" " ind2=" ">
    <subfield code="2">ddc</subfield>
    <subfield code="c">PN</subfield>
    <subfield code="h">910.4</subfield>
    <subfield code="m">&#xA2A;&#xA30;&#xA2E;</subfield>
  </datafield>
  <datafield tag="999" ind1=" " ind2=" ">
    <subfield code="c">110779</subfield>
    <subfield code="d">110779</subfield>
  </datafield>
  <datafield tag="952" ind1=" " ind2=" ">
    <subfield code="0">0</subfield>
    <subfield code="1">0</subfield>
    <subfield code="4">0</subfield>
    <subfield code="7">0</subfield>
    <subfield code="a">L</subfield>
    <subfield code="b">L</subfield>
    <subfield code="d">2016-02-08</subfield>
    <subfield code="e">Cen Lib/Ret</subfield>
    <subfield code="g">100.00</subfield>
    <subfield code="l">0</subfield>
    <subfield code="o">910 .4 &#xA2A;&#xA30;&#xA2E;</subfield>
    <subfield code="p">B-028556</subfield>
    <subfield code="r">2016-02-08 00:00:00</subfield>
    <subfield code="t">1</subfield>
    <subfield code="v">100.00</subfield>
    <subfield code="w">2016-02-08</subfield>
    <subfield code="y">PN</subfield>
  </datafield>
</record>
